[Event "4NCL/Div4/GLOSG vs. BCA"]
[Site "Sunningdale ENG"]
[Date "2007.05.26"]
[Round "9.4"]
[White "Waters, Roger G"]
[Black "Taylor, Geoffrey P"]
[Result "0-1"]
[WhiteElo "1755"]
[BlackElo "2070"]
[PlyCount "47"]
[EventDate "2007.05.26"]
[EventType "team"]
[EventRounds "11"]
[EventCountry "ENG"]
[WhiteTeam "Braille C A"]
[BlackTeam "Glos Gambits"]

1. e4 c5 2. Nf3 d6 3. d4 cxd4 4. Nxd4 Nf6 5. Nc3 e6 6. Bc4 Nc6 7. Bb3 Be7 8.
Be3 O-O 9. Qe2 a6 10. O-O-O Qc7 11. g4 b5 12. g5 Nxd4 13. Rxd4 Nd7 14. f4 Nc5
15. f5 Nxb3+ 16. axb3 Qa5 17. f6 gxf6 18. gxf6 Bxf6 19. Rg1+ Kh8 20. Qf2 Qd8
21. Rxd6 Qe7 22. Nd5 exd5 23. Rxf6 Be6 24. Bd4 0-1

[Event "4NCL/Div4/SCS1 vs. ADD"]
[Site "Sunningdale ENG"]
[Date "2007.05.26"]
[Round "9.1"]
[White "Lutton, E Josiah"]
[Black "Siebenhaar, Erich"]
[Result "1/2-1/2"]
[WhiteElo "2080"]
[BlackElo "2127"]
[PlyCount "44"]
[EventDate "2007.05.26"]
[EventType "team"]
[EventRounds "11"]
[EventCountry "ENG"]
[WhiteTeam "S C Stars 1"]
[BlackTeam "Addlestone"]

1. e4 Nf6 2. Nc3 d5 3. d3 dxe4 4. Bg5 Bg4 5. Qd2 exd3 6. Bxd3 Nbd7 7. Nge2 c6
8. O-O-O Qa5 9. f3 Bh5 10. Ng3 O-O-O 11. Qf4 Bg6 12. Bxg6 hxg6 13. h4 Qe5 14.
Qd2 Qc7 15. Nge4 Nxe4 16. Nxe4 f6 17. Be3 b6 18. Qe2 Rh5 19. Qc4 Kb7 20. g4 Rh8
21. Qe6 Nb8 22. Rxd8 Qxd8 1/2-1/2

[Event "4NCL/Div4/SCS1 vs. ADD"]
[Site "Sunningdale ENG"]
[Date "2007.05.26"]
[Round "9.2"]
[White "Dupré, Paul D"]
[Black "Lutton, J Arnold"]
[Result "1-0"]
[WhiteElo "2041"]
[BlackElo "1901"]
[PlyCount "71"]
[EventDate "2007.05.26"]
[EventType "team"]
[EventRounds "11"]
[EventCountry "ENG"]
[WhiteTeam "Addlestone"]
[BlackTeam "S C Stars 1"]

1. d4 Nf6 2. c4 e5 3. dxe5 Ng4 4. Bf4 Bb4+ 5. Nd2 Nc6 6. Ngf3 Qe7 7. e3 Ngxe5
8. Nxe5 Nxe5 9. Be2 b6 10. O-O Bb7 11. Nb3 O-O 12. a3 Bd6 13. Rc1 c5 14. Nd2
Rad8 15. Nb1 Bb8 16. Nc3 d6 17. Nd5 Qe6 18. Bg3 Rfe8 19. Bh4 Rd7 20. Bg3 Kh8
21. f4 Nc6 22. f5 Qh6 23. f6 Nd4 24. exd4 Bxd5 25. cxd5 Qe3+ 26. Rf2 Re4 27.
Rc3 Qxd4 28. Rd3 Qa4 29. Qd2 gxf6 30. Qh6 Re8 31. Rf4 Qc2 32. Qxf6+ Kg8 33.
Rg4+ Kf8 34. Qh8+ Ke7 35. Re3+ Kd8 36. Rxe8+ 1-0

[Event "4NCL/Div4/SCS1 vs. ADD"]
[Site "Sunningdale ENG"]
[Date "2007.05.26"]
[Round "9.3"]
[White "Scarry, Herbert"]
[Black "Albrecht, Theo"]
[Result "1/2-1/2"]
[WhiteElo "1812"]
[BlackElo "2025"]
[PlyCount "57"]
[EventDate "2007.05.26"]
[EventType "team"]
[EventRounds "11"]
[EventCountry "ENG"]
[WhiteTeam "S C Stars 1"]
[BlackTeam "Addlestone"]

1. c4 d6 2. g3 e5 3. Bg2 f5 4. d4 Nd7 5. Nc3 c6 6. e4 fxe4 7. Bxe4 Ngf6 8. Bg2
Be7 9. Nf3 O-O 10. O-O h6 11. Re1 Qc7 12. Qe2 exd4 13. Nxd4 Ne5 14. h3 a6 15.
a4 Re8 16. Ne4 Nxe4 17. Qxe4 Bd7 18. f4 Nf7 19. Qd3 Bf6 20. Bd2 Qc8 21. Kh2 c5
22. Nc2 Bc6 23. Ne3 Bxg2 24. Kxg2 Qc6+ 25. Nd5 Bxb2 26. Kh2 Bxa1 27. Rxa1 Kh8
28. Bc3 Re6 29. Qf5 1/2-1/2

[Event "4NCL/Div4/SCS1 vs. ADD"]
[Site "Sunningdale ENG"]
[Date "2007.05.26"]
[Round "9.4"]
[White "Klein, Cornelia"]
[Black "Clarke, Sean A"]
[Result "0-1"]
[WhiteElo "1881"]
[BlackElo "1800"]
[PlyCount "184"]
[EventDate "2007.05.26"]
[EventType "team"]
[EventRounds "11"]
[EventCountry "ENG"]
[WhiteTeam "Addlestone"]
[BlackTeam "S C Stars 1"]

1. e4 c6 2. d4 d5 3. exd5 Qxd5 4. Nf3 Bg4 5. Be2 Nf6 6. O-O e6 7. c4 Qd8 8. Nc3
h6 9. Be3 Bd6 10. Qb3 Qc7 11. h3 Bf5 12. Rac1 Nbd7 13. d5 O-O 14. Nd4 Nc5 15.
Qd1 Bg6 16. dxe6 Nxe6 17. Nxe6 fxe6 18. Qb3 Bf7 19. c5 Be7 20. Bc4 Nd5 21. Ne2
Rad8 22. Rfe1 Rfe8 23. Ng3 Nxe3 24. Qxe3 Bg5 25. Qe2 Bxc1 26. Rxc1 Qa5 27. Ne4
Qc7 28. Nd6 Rxd6 29. cxd6 Qxd6 30. Rd1 Qc7 31. Rd2 b5 32. Bb3 e5 33. Bxf7+ Qxf7
34. a3 Qf6 35. Qd1 e4 36. b4 Qc3 37. Qc2 Qxc2 38. Rxc2 Re6 39. Kf1 Kf7 40. Ke2
Kf6 41. Ke3 g5 42. g4 Ke5 43. Rc5+ Kd6 44. Rc2 Re5 45. Rc3 a6 46. Rc2 c5 47.
Rd2+ Rd5 48. bxc5+ Kxc5 49. Rc2+ Kd6 50. Kxe4 Re5+ 51. Kd4 Rd5+ 52. Ke4 Rc5 53.
Rd2+ Ke6 54. Rd3 Re5+ 55. Kf3 Rd5 56. Rc3 a5 57. Ke4 {=} Re5+ 58. Kd3 Kd6 59.
Rc8 Rd5+ 60. Ke4 Rc5 61. Rd8+ Ke7 62. Rd3 Ke6 63. Ke3 Ke5 64. Kf3 Rc4 65. Ke3
b4 66. a4 Rc1 67. Rd8 b3 68. Re8+ Kd6 69. Rb8 Rc3+ 70. Kd4 Rxh3 71. Rb6+ Kc7
72. Rb5 Rf3 73. Rxa5 Rxf2 74. Rb5 Rf4+ 75. Ke5 Rxg4 76. a5 Ra4 77. Kf5 b2 78.
Rxb2 Rxa5+ 79. Kg4 Ra6 80. Rf2 Kd7 81. Rf7+ Ke6 82. Rh7 Ke5 83. Rh8 Ra4+ 84.
Kg3 Rh4 85. Ra8 Kf5 86. Ra5+ Kg6 87. Ra6+ Kh5 88. Ra5 Rf4 89. Rb5 Rf6 90. Rb8
Ra6 91. Rb4 Ra3+ 92. Kg2 g4 0-1

[Event "4NCL/Div4/SCS1 vs. ADD"]
[Site "Sunningdale ENG"]
[Date "2007.05.26"]
[Round "9.5"]
[White "Hardy-Wallace, Daniel"]
[Black "Zemke, Christine"]
[Result "1-0"]
[WhiteElo "1815"]
[BlackElo "1755"]
[PlyCount "111"]
[EventDate "2007.05.26"]
[EventType "team"]
[EventRounds "11"]
[EventCountry "ENG"]
[WhiteTeam "S C Stars 1"]
[BlackTeam "Addlestone"]

1. d4 Nf6 2. c4 g6 3. Nc3 d5 4. cxd5 Nxd5 5. e4 Nb6 6. Be3 Bg7 7. Nf3 Bg4 8.
Be2 c6 9. O-O N8d7 10. Rc1 O-O 11. Qc2 Rc8 12. Rfd1 e6 13. e5 Nd5 14. Nxd5 cxd5
15. Qd2 Bxf3 16. Bxf3 Nb6 17. b3 Nd7 18. Rxc8 Qxc8 19. Rc1 Qb8 20. Qc2 Nb6 21.
Qc7 Na8 22. Qxb8 Rxb8 23. a4 Kf8 24. Be2 Ke7 25. b4 h6 26. a5 Kd8 27. b5 Rc8
28. Rxc8+ Kxc8 29. h4 b6 30. a6 Nc7 31. f4 Kd7 32. h5 gxh5 33. Kf2 f6 34. Kg3
f5 35. Kh4 Ke7 36. Bd2 Kd7 37. Bb4 Ne8 38. Kxh5 Nc7 39. Kg6 Ne8 40. Kf7 Bh8 41.
Bf8 h5 42. Bxh5 Nc7 43. Be2 Ne8 44. Kg8 Bf6 45. exf6 Nxf6+ 46. Kf7 Ne4 47. Bb4
Nf2 48. Be1 Ne4 49. g4 Nd6+ 50. Kf6 fxg4 51. Bxg4 Ne8+ 52. Ke5 Nc7 53. Bb4 Nxb5
54. Bxe6+ Kd8 55. f5 Nc7 56. f6 1-0

[Event "4NCL/Div4/NOTT2 vs. CONQ2"]
[Site "Sunningdale ENG"]
[Date "2007.05.26"]
[Round "9.1"]
[White "Wright, Antony J"]
[Black "Cork, David J"]
[Result "1-0"]
[WhiteElo "2020"]
[BlackElo "1960"]
[PlyCount "103"]
[EventDate "2007.05.26"]
[EventType "team"]
[EventRounds "11"]
[EventCountry "ENG"]
[WhiteTeam "Notts 2"]
[BlackTeam "Conquistadors 2"]

1. d4 Nf6 2. Nf3 d6 3. c4 g6 4. Nc3 Bg7 5. e4 Bg4 6. Be2 O-O 7. O-O Re8 8. Rb1
Nbd7 9. h3 Bxf3 10. Bxf3 e5 11. d5 a6 12. a3 Qb8 13. Qe2 a5 14. Be3 b6 15. b4
axb4 16. axb4 Qb7 17. Nb5 Ra4 18. Rfc1 Rea8 19. Qd3 Ne8 20. c5 bxc5 21. bxc5
Qa6 22. Be2 Nxc5 23. Bxc5 dxc5 24. Rxc5 Ra1 25. Qd1 Rxb1 26. Qxb1 Qa1 27. Qxa1
Rxa1+ 28. Bf1 Bf8 29. Rc2 Bd6 30. g3 Re1 31. f3 f5 32. Kf2 Rb1 33. h4 Rb4 34.
exf5 gxf5 35. Bd3 f4 36. g4 h6 37. Nxd6 cxd6 38. g5 hxg5 39. hxg5 Rb8 40. Rc6
Rd8 41. Kg2 Kg7 42. Kh3 Rd7 43. Bf5 Rc7 44. Rb6 Rc3 45. Kg4 Rc1 46. Be4 Rc7 47.
Rb8 Re7 48. Rd8 Kf7 49. Kh5 Ng7+ 50. Kh6 Re8 51. Rxe8 Nxe8 52. Bg6+ 1-0

[Event "4NCL/Div4/NOTT2 vs. CONQ2"]
[Site "Sunningdale ENG"]
[Date "2007.05.26"]
[Round "9.2"]
[White "Auckland, Elliott"]
[Black "Thompson, Brian"]
[Result "1-0"]
[WhiteElo "1879"]
[BlackElo "2000"]
[PlyCount "81"]
[EventDate "2007.05.26"]
[EventType "team"]
[EventRounds "11"]
[EventCountry "ENG"]
[WhiteTeam "Conquistadors 2"]
[BlackTeam "Notts 2"]

1. d4 Nf6 2. c4 g6 3. Nc3 Bg7 4. e4 d6 5. Bg5 h6 6. Be3 O-O 7. f3 Nc6 8. Qd2
Kh7 9. g4 e5 10. d5 Nd4 11. Be2 Bxg4 12. fxg4 Nxg4 13. Bxg4 Qh4+ 14. Qf2 Qxg4
15. h3 Qd7 16. Nf3 Nxf3+ 17. Qxf3 a6 18. Kd2 b5 19. b3 Rab8 20. Rab1 c6 21. h4
f5 22. Qh3 Qf7 23. h5 g5 24. Qxf5+ Qxf5 25. exf5 cxd5 26. cxd5 Rxf5 27. Ne4 Bf8
28. Rhf1 Rxf1 29. Rxf1 Kg7 30. Rc1 Rb7 31. Rc6 a5 32. Rb6 Rxb6 33. Bxb6 a4 34.
bxa4 bxa4 35. Kc3 g4 36. Bf2 Be7 37. Kb4 Bg5 38. Kxa4 Kf7 39. Kb5 Ke7 40. Kc6
Bf4 41. a4 1-0

[Event "4NCL/Div4/NOTT2 vs. CONQ2"]
[Site "Sunningdale ENG"]
[Date "2007.05.26"]
[Round "9.3"]
[White "Kingston, Ian"]
[Black "Winchcombe, Andrew"]
[Result "1-0"]
[WhiteElo "1965"]
[BlackElo "1895"]
[PlyCount "81"]
[EventDate "2007.05.26"]
[EventType "team"]
[EventRounds "11"]
[EventCountry "ENG"]
[WhiteTeam "Notts 2"]
[BlackTeam "Conquistadors 2"]

1. e4 e6 2. d4 d5 3. Nc3 Bb4 4. e5 c5 5. a3 cxd4 6. axb4 dxc3 7. Qg4 g6 8. Nf3
Qc7 9. Qd4 cxb2 10. Bxb2 b6 11. Bd3 Ne7 12. O-O Nd7 13. Qf4 h6 14. Qg4 Bb7 15.
Rfe1 Rg8 16. Qh4 h5 17. Ng5 Nc6 18. Qf4 Nf8 19. b5 Nd8 20. Ba3 f5 21. Bd6 Qd7
22. Qb4 Nh7 23. Nxh7 Qxh7 24. Ra3 g5 25. Rea1 Bc8 26. c4 dxc4 27. Qxc4 Rg7 28.
Rc1 Bb7 29. Qb4 h4 30. Rac3 Qh5 31. Qb1 h3 32. Bxf5 exf5 33. Rxh3 Qg4 34. f3
Bxf3 35. Rxf3 Rf7 36. Rh3 Rg7 37. Rh8+ Kf7 38. Rf8+ Kg6 39. Rf6+ Kh7 40. Rxf5
Rg6 41. Rc7+ 1-0

[Event "4NCL/Div4/NOTT2 vs. CONQ2"]
[Site "Sunningdale ENG"]
[Date "2007.05.26"]
[Round "9.4"]
[White "Ynojosa, Angelica M"]
[Black "Graham, Neil"]
[Result "1/2-1/2"]
[WhiteElo "1825"]
[BlackElo "1915"]
[PlyCount "26"]
[EventDate "2007.05.26"]
[EventType "team"]
[EventRounds "11"]
[EventCountry "ENG"]
[WhiteTeam "Conquistadors 2"]
[BlackTeam "Notts 2"]

1. e4 e5 2. Bc4 Nf6 3. d3 Nc6 4. Nc3 Na5 5. Bb3 Nxb3 6. axb3 d6 7. f4 exf4 8.
Bxf4 Bg4 9. Nf3 Be7 10. O-O O-O 11. Qd2 a6 12. Nd4 c5 13. Nf3 Rc8 1/2-1/2

[Event "4NCL/Div4/NOTT2 vs. CONQ2"]
[Site "Sunningdale ENG"]
[Date "2007.05.26"]
[Round "9.5"]
[White "Hill, Maurice J"]
[Black "Archer-Lock, Adrian"]
[Result "1-0"]
[WhiteElo "1910"]
[BlackElo "1760"]
[PlyCount "59"]
[EventDate "2007.05.26"]
[EventType "team"]
[EventRounds "11"]
[EventCountry "ENG"]
[WhiteTeam "Notts 2"]
[BlackTeam "Conquistadors 2"]

1. c4 g6 2. g3 Nf6 3. Bg2 Bg7 4. Nc3 d6 5. e4 O-O 6. Nge2 e5 7. O-O Nh5 8. d3
Nc6 9. Rb1 Be6 10. Nd5 Qd7 11. b4 f5 12. b5 Ne7 13. exf5 Bxf5 14. Nxe7+ Qxe7
15. Bxb7 Rab8 16. Bd5+ Kh8 17. Be3 Nf6 18. Bg2 e4 19. Nd4 Rbe8 20. Nxf5 gxf5
21. d4 Ng4 22. Re1 Nxe3 23. fxe3 Qf7 24. Rc1 Rb8 {=} 25. a4 Qd7 26. Rf1 Bh6 27.
Qe2 Qg7 28. c5 dxc5 29. Rxc5 Qd7 30. Bh3 1-0

[Event "4NCL/Div4/NOTT2 vs. CONQ2"]
[Site "Sunningdale ENG"]
[Date "2007.05.26"]
[Round "9.6"]
[White "Sathiraju, Vijay"]
[Black "Lakhani, Anjali"]
[Result "1/2-1/2"]
[WhiteElo "1750"]
[BlackElo "1830"]
[PlyCount "68"]
[EventDate "2007.05.26"]
[EventType "team"]
[EventRounds "11"]
[EventCountry "ENG"]
[WhiteTeam "Conquistadors 2"]
[BlackTeam "Notts 2"]

1. d4 Nf6 2. c4 e6 3. Nf3 c5 4. d5 d6 5. Nc3 Be7 6. e4 Na6 7. Be2 O-O 8. O-O
Nc7 9. b3 a6 10. Qc2 Rb8 11. Rd1 b5 12. dxe6 Bxe6 13. e5 b4 14. Ng5 g6 15. Nxe6
Nxe6 16. Nd5 Nxd5 17. Rxd5 Qc7 18. Qe4 dxe5 19. Qxe5 Qxe5 20. Rxe5 Bf6 21. Bb2
Bxe5 22. Bxe5 Rbd8 23. a3 Nd4 24. Bxd4 Rxd4 25. axb4 Re8 26. Kf1 cxb4 27. Rxa6
Rd2 28. Bf3 Rb2 29. g3 Rxb3 30. Bd5 Rb1+ 31. Kg2 Rc8 32. Ra7 b3 33. Rb7 h5 34.
Bxf7+ Kf8 1/2-1/2

[Event "4NCL/Div4/PONTY vs. CONQ3"]
[Site "Sunningdale ENG"]
[Date "2007.05.26"]
[Round "9.2"]
[White "Paul, Barnaby"]
[Black "White, Ian G"]
[Result "1/2-1/2"]
[WhiteElo "1560"]
[BlackElo "2044"]
[PlyCount "75"]
[EventDate "2007.05.26"]
[EventType "team"]
[EventRounds "11"]
[EventCountry "ENG"]
[WhiteTeam "Conquistadors 3"]
[BlackTeam "Pontypridd"]

1. e4 e6 2. d4 d5 3. e5 c5 4. c3 Nc6 5. Nf3 cxd4 6. cxd4 Qb6 7. Be2 Bd7 8. O-O
Nge7 9. Na3 Ng6 10. Nc2 Be7 11. Rb1 f6 12. exf6 Bxf6 13. Be3 O-O 14. Qd2 Rac8
15. b4 Nce7 16. Rfc1 Bb5 17. Bxb5 Qxb5 18. Bg5 Rc6 19. Bxf6 gxf6 20. Na3 Rxc1+
21. Rxc1 Qa4 22. Nb1 Rc8 23. Rxc8+ Nxc8 24. a3 Nd6 25. Qe3 Qd1+ 26. Qe1 Qxe1+
27. Nxe1 Kf7 28. f3 Ne7 29. Nd2 e5 30. Nc2 Ke6 31. g4 Nc4 32. Nb3 b6 33. Kf2
Nc6 34. Ke2 f5 35. dxe5 Kxe5 36. gxf5 Kxf5 37. Ncd4+ Nxd4+ 38. Nxd4+ 1/2-1/2

[Event "4NCL/Div4/PONTY vs. CONQ3"]
[Site "Sunningdale ENG"]
[Date "2007.05.26"]
[Round "9.3"]
[White "Gilbert, Jonathan A"]
[Black "Kliger, Daniel"]
[Result "1-0"]
[WhiteElo "2059"]
[BlackElo "1550"]
[PlyCount "73"]
[EventDate "2007.05.26"]
[EventType "team"]
[EventRounds "11"]
[EventCountry "ENG"]
[WhiteTeam "Pontypridd"]
[BlackTeam "Conquistadors 3"]

1. d4 d5 2. c4 e6 3. Nc3 Nf6 4. Bg5 Nbd7 5. cxd5 exd5 6. e3 Be7 7. Qc2 h6 8.
Bf4 Nh5 9. Bg3 Bh4 10. Bxh4 Qxh4 11. Nxd5 O-O 12. Nf3 Qd8 13. Nxc7 Rb8 14. Nb5
Qa5+ 15. Qc3 Qxc3+ 16. Nxc3 Nb6 17. Be2 Be6 18. O-O Bc4 19. Nd2 Bxe2 20. Nxe2
Rbc8 21. Rac1 Nf6 22. e4 Rfe8 23. f3 Na4 24. b3 Nb2 25. Nc4 Nd3 26. Rcd1 Nb4
27. Nd6 Rc2 28. Nxe8 Nxe8 29. Nc1 Nxa2 30. Nxa2 Rxa2 31. Rf2 Ra6 32. d5 Rb6 33.
e5 Kf8 34. d6 f6 35. d7 Rd6 36. Rxd6 Nxd6 37. exd6 1-0

[Event "4NCL/Div4/PONTY vs. CONQ3"]
[Site "Sunningdale ENG"]
[Date "2007.05.26"]
[Round "9.4"]
[White "Ryan, Raymond"]
[Black "Davies, Peter L"]
[Result "0-1"]
[WhiteElo "1630"]
[BlackElo "1993"]
[PlyCount "48"]
[EventDate "2007.05.26"]
[EventType "team"]
[EventRounds "11"]
[EventCountry "ENG"]
[WhiteTeam "Conquistadors 3"]
[BlackTeam "Pontypridd"]

1. e4 d6 2. d4 Nf6 3. Nf3 g6 4. Nc3 Bg7 5. Bc4 c6 6. Be3 O-O 7. O-O Bg4 8. Re1
Qc7 9. Qe2 Nbd7 10. d5 Ne5 11. Bb3 c5 12. Rad1 a6 13. a4 Rab8 14. Bf4 Nfd7 15.
Qe3 b5 16. axb5 axb5 17. h3 Bxf3 18. gxf3 Nc4 19. Bxc4 bxc4 20. Rb1 Rb4 21. Bg3
Rfb8 22. f4 Bd4 23. Qe2 Bxc3 24. bxc3 Rxb1 0-1

[Event "4NCL/Div4/PONTY vs. CONQ3"]
[Site "Sunningdale ENG"]
[Date "2007.05.26"]
[Round "9.5"]
[White "St Clair, Allan"]
[Black "Foster, Caroline"]
[Result "1-0"]
[WhiteElo "1826"]
[BlackElo "1490"]
[PlyCount "57"]
[EventDate "2007.05.26"]
[EventType "team"]
[EventRounds "11"]
[EventCountry "ENG"]
[WhiteTeam "Pontypridd"]
[BlackTeam "Conquistadors 3"]

1. d4 d5 2. Nf3 Nf6 3. Bf4 Bf5 4. e3 e6 5. Bd3 Bg6 6. c3 c5 7. Ne5 Bxd3 8. Qxd3
c4 9. Qc2 Nbd7 10. Nd2 Qb6 11. O-O Bd6 12. Ndxc4 Qc7 13. Nxd6+ Qxd6 14. Nxf7
Qf8 15. Nxh8 Qxh8 16. c4 Rc8 17. c5 Kf7 18. b4 Qd8 19. a4 Nb8 20. Be5 h6 21.
Bxf6 Qxf6 22. f4 Ke7 23. f5 Qg5 24. fxe6 Qxe3+ 25. Qf2 Qxf2+ 26. Rxf2 Kxe6 27.
Re1+ Kd7 28. Rf7+ Kd8 29. Ree7 1-0

[Event "4NCL/Div4/PONTY vs. CONQ3"]
[Site "Sunningdale ENG"]
[Date "2007.05.26"]
[Round "9.6"]
[White "Winchcombe, Neil"]
[Black "Davis, Ashley"]
[Result "0-1"]
[WhiteElo "1565"]
[BlackElo "1535"]
[PlyCount "70"]
[EventDate "2007.05.26"]
[EventType "team"]
[EventRounds "11"]
[EventCountry "ENG"]
[WhiteTeam "Conquistadors 3"]
[BlackTeam "Pontypridd"]

1. e4 c5 2. Bc4 e6 3. Nc3 a6 4. d3 Nc6 5. a3 Nf6 6. Be3 d5 7. exd5 exd5 8. Bb3
d4 9. Bd2 dxc3 10. Bxc3 Be7 11. Ne2 O-O 12. h3 Nd5 13. Bd2 Bg5 14. O-O Re8 15.
Re1 Nc7 16. Ng3 Rxe1+ 17. Qxe1 Be6 18. Bxe6 Nxe6 19. Ne4 Ncd4 20. Qd1 Bxd2 21.
Qxd2 Qh4 22. c3 Nf5 23. b4 cxb4 24. axb4 Rd8 25. Ra5 Ne7 26. Ng5 Nxg5 27. Rxg5
g6 28. Rg4 Qf6 29. Rf4 Qg5 30. d4 Nd5 31. h4 Qxf4 32. Qe2 Nxc3 33. Qe7 Rxd4 34.
g3 Rd1+ 35. Kg2 Qe4+ 0-1

[Event "4NCL/Div4/AMCAH vs. GUI5"]
[Site "Sunningdale ENG"]
[Date "2007.05.26"]
[Round "9.1"]
[White "Tart, Peter K"]
[Black "Smart, Michael R"]
[Result "0-1"]
[WhiteElo "1965"]
[BlackElo "1978"]
[PlyCount "62"]
[EventDate "2007.05.26"]
[EventType "team"]
[EventRounds "11"]
[EventCountry "ENG"]
[WhiteTeam "AMCA Hippos"]
[BlackTeam "Guildford-ADC 5"]

1. e4 Nf6 2. Nc3 d5 3. d4 dxe4 4. f3 exf3 5. Qxf3 c6 6. Be3 Bg4 7. Qf2 Nbd7 8.
h3 Bh5 9. g4 Bg6 10. Bg2 e6 11. Nge2 Be7 12. O-O-O Qa5 13. Kb1 Bb4 14. g5 Nd5
15. Ne4 Qb5 16. Bd2 O-O 17. Nf4 N7b6 18. Nxg6 fxg6 19. Qe1 Bxd2 20. Qxd2 Nc4
21. Qc1 Nde3 22. Rd2 Rad8 23. c3 Nxd2+ 24. Qxd2 Nxg2 25. Qxg2 Qd3+ 26. Kc1 Rf4
27. Re1 Rdf8 28. Nc5 Qf5 29. Nxe6 Re8 30. Qe2 Rf2 31. Qe4 Rf1 0-1

[Event "4NCL/Div4/AMCAH vs. GUI5"]
[Site "Sunningdale ENG"]
[Date "2007.05.26"]
[Round "9.2"]
[White "Deswarte, Ian"]
[Black "Moore, Andrew"]
[Result "1-0"]
[WhiteElo "1920"]
[BlackElo "1885"]
[PlyCount "73"]
[EventDate "2007.05.26"]
[EventType "team"]
[EventRounds "11"]
[EventCountry "ENG"]
[WhiteTeam "Guildford-ADC 5"]
[BlackTeam "AMCA Hippos"]

1. e4 c5 2. Nf3 Nc6 3. d4 cxd4 4. Nxd4 e5 5. Nb5 d6 6. c4 a6 7. N5a3 Nf6 8. Nc3
Be7 9. Be2 O-O 10. O-O Be6 11. Nc2 Rc8 12. Ne3 Nd4 13. Ned5 Nxd5 14. cxd5 Bd7
15. Bd3 f5 16. f4 Qb6 17. Kh1 fxe4 18. Bxe4 Bf5 19. Bxf5 Rxf5 20. Na4 Qb5 21.
Be3 Nc2 22. Rc1 exf4 23. Bd4 Qxa4 24. Qg4 Qxd4 25. Qxf5 Qc4 26. Rxf4 Qc7 27.
Rf2 Rf8 28. Qe6+ Kh8 29. Rxf8+ Bxf8 30. Qf5 Qe7 31. Qxc2 h6 32. Qc8 Qf7 33. Kg1
Qf4 34. Rf1 Qe3+ 35. Kh1 b5 36. Rxf8+ Kh7 37. Qf5+ 1-0

[Event "4NCL/Div4/AMCAH vs. GUI5"]
[Site "Sunningdale ENG"]
[Date "2007.05.26"]
[Round "9.3"]
[White "Tunstall, George"]
[Black "Chapman, Timothy J"]
[Result "1-0"]
[WhiteElo "1810"]
[BlackElo "1840"]
[PlyCount "71"]
[EventDate "2007.05.26"]
[EventType "team"]
[EventRounds "11"]
[EventCountry "ENG"]
[WhiteTeam "AMCA Hippos"]
[BlackTeam "Guildford-ADC 5"]

1. d4 d5 2. c4 e6 3. Nc3 Be7 4. cxd5 exd5 5. Bf4 Nf6 6. e3 O-O 7. Bd3 c5 8. Nf3
Nc6 9. O-O cxd4 10. Nxd4 Nxd4 11. exd4 Be6 12. Rc1 a6 13. Bg3 Rc8 14. f3 Qd7
15. Qb3 b5 16. Rfe1 Rfe8 17. Rcd1 Rcd8 18. Qc2 h6 19. a3 Nh5 20. Ne2 Nxg3 21.
Nxg3 Bf6 22. Be2 Rc8 23. Qd2 Bf5 24. a4 Bh4 25. Bd3 Bxd3 26. Qxd3 Bxg3 27. hxg3
Qc6 28. axb5 axb5 29. Rxe8+ Rxe8 30. Qc3 Qd6 31. Kf2 b4 32. Qd2 Kf8 33. Rc1 Ra8
34. Rc5 b3 35. Qb4 Rb8 36. Rc8+ 1-0

[Event "4NCL/Div4/AMCAH vs. GUI5"]
[Site "Sunningdale ENG"]
[Date "2007.05.26"]
[Round "9.4"]
[White "Gunn, Michael J"]
[Black "Krishnan, Anand"]
[Result "1/2-1/2"]
[WhiteElo "1800"]
[BlackElo "1810"]
[PlyCount "56"]
[EventDate "2007.05.26"]
[EventType "team"]
[EventRounds "11"]
[EventCountry "ENG"]
[WhiteTeam "Guildford-ADC 5"]
[BlackTeam "AMCA Hippos"]

1. c4 e5 2. g3 Nc6 3. Bg2 g6 4. Nc3 Bg7 5. e4 Nge7 6. Nge2 O-O 7. O-O d6 8. h3
Be6 9. d3 Qd7 10. Kh2 f5 11. Nd5 Kh8 12. Rb1 Bg8 13. Nec3 Rab8 14. f4 fxe4 15.
dxe4 exf4 16. Bxf4 Ne5 17. Nxe7 Qxe7 18. Nd5 Qd7 19. b3 Be6 20. Qd2 Rf7 21. Rf2
Rbf8 22. Rbf1 Kg8 23. Bg5 Rxf2 24. Rxf2 Rxf2 25. Qxf2 Bxd5 26. exd5 b6 27. Be4
h6 28. Be3 Qf7 1/2-1/2

[Event "4NCL/Div4/AMCAH vs. GUI5"]
[Site "Sunningdale ENG"]
[Date "2007.05.26"]
[Round "9.5"]
[White "Meechan, Catriona"]
[Black "Kokossis, Danae"]
[Result "1-0"]
[WhiteElo "1720"]
[BlackElo "1595"]
[PlyCount "123"]
[EventDate "2007.05.26"]
[EventType "team"]
[EventRounds "11"]
[EventCountry "ENG"]
[WhiteTeam "AMCA Hippos"]
[BlackTeam "Guildford-ADC 5"]

1. Nf3 d5 2. d4 Nf6 3. g3 Bf5 4. Bg2 e6 5. Bf4 c5 6. c3 Nc6 7. e3 Bd6 8. Bxd6
Qxd6 9. O-O O-O 10. Nbd2 c4 11. Nh4 Bd3 12. Re1 b5 13. e4 Qd7 14. e5 Ne8 15. f4
b4 16. Re3 Nc7 17. Ndf3 Nb5 18. Ne1 bxc3 19. Nxd3 cxd3 20. Rxd3 cxb2 21. Rb1
Ncxd4 22. Rxd4 Nxd4 23. Qxd4 Rab8 24. Rxb2 Rxb2 25. Qxb2 Qc7 26. Nf3 Rb8 27.
Qa3 Rb1+ 28. Bf1 Qb6+ 29. Kg2 Rb2+ 30. Kh3 Qf2 31. Ba6 Rxa2 32. Qd6 Qb6 33. Bf1
Qxd6 34. exd6 Kf8 35. Ne5 Rc2 36. Bb5 Rc8 37. Nc6 Rxc6 38. Bxc6 f6 39. Kg2 d4
40. Kf3 e5 41. fxe5 fxe5 42. Ke4 Kf7 43. Kxe5 d3 44. Ba4 d2 45. Kd5 d1=Q+ 46.
Bxd1 Ke8 47. Ba4+ Kd8 48. Ke6 a5 49. Kf7 g5 50. Kg7 h5 51. Kg6 h4 52. Kxg5 hxg3
53. hxg3 Kc8 54. Kf6 Kd8 55. Kf7 Kc8 56. Ke8 Kb7 57. d7 Ka7 58. d8=Q Kb7 59.
Qd7+ Kb8 60. Ke7 Ka8 61. Bc6+ Kb8 62. Qb7# 1-0

[Event "4NCL/Div4/AMCAH vs. GUI5"]
[Site "Sunningdale ENG"]
[Date "2007.05.26"]
[Round "9.6"]
[White "Shepley, Julien M"]
[Black "McCullough, Simon M"]
[Result "1-0"]
[WhiteElo "2114"]
[BlackElo "1920"]
[PlyCount "47"]
[EventDate "2007.05.26"]
[EventType "team"]
[EventRounds "11"]
[EventCountry "ENG"]
[WhiteTeam "Guildford-ADC 5"]
[BlackTeam "AMCA Hippos"]

{Game played for rating only.} 1. d4 Nf6 2. Bg5 d5 3. Bxf6 gxf6 4. g3 e5 5. Bg2
c6 6. e3 Qb6 7. Ne2 Qxb2 8. Nd2 h5 9. O-O h4 10. a4 Qb6 11. a5 Qc7 12. c4 Be6
13. cxd5 cxd5 14. Qa4+ Qc6 15. Rfb1 Bd7 16. Qb3 Be6 17. Qxb7 Qxb7 18. Rxb7 Bd6
19. Nc3 Nc6 20. Nxd5 O-O-O 21. Rab1 Bxd5 22. Bxd5 Bb4 23. Bxc6 Bxd2 24. Rxa7
1-0

[Event "4NCL/Div4/ATH2 vs. GREN"]
[Site "Sunningdale ENG"]
[Date "2007.05.26"]
[Round "9.1"]
[White "Aniecko, Colin"]
[Black "Bass, John W"]
[Result "0-1"]
[WhiteElo "1800"]
[BlackElo "2096"]
[PlyCount "36"]
[EventDate "2007.05.26"]
[EventType "team"]
[EventRounds "11"]
[EventCountry "ENG"]
[WhiteTeam "Athenaeum 2"]
[BlackTeam "Grendels Mother"]

1. e4 c5 2. Nf3 e6 3. d4 cxd4 4. Qxd4 Nc6 5. Qa4 d6 6. Nc3 Nf6 7. Bg5 Be7 8.
O-O-O Bd7 9. Qc4 a6 10. Bf4 b5 11. Qe2 e5 12. Bg3 O-O 13. h4 Qa5 14. Kb1 Rfc8
15. Qd2 b4 16. Nd5 Nxe4 17. Qd3 Bf5 18. Ng5 Nc3+ 0-1